| 000 | 00509cam a22001457a 4500 | ||
|---|---|---|---|
| 008 | 180718b2006 xxu||||| |||| 00| 0 eng d | ||
| 100 | _aAgenor, Pierre-Richard | ||
| 245 |
_aPublic infrastructure and growth: new channels and policy implications _cby Pierre-Richard Agenor and Blanca Morene-Dodson |
||
| 260 |
_aWashington, D.C. _bWorld Bank _c2006 |
||
| 300 | _a59p. | ||
| 440 | _aPolicy research working paper; 4064 | ||
| 650 | _aGrowth | ||
| 650 | _aPublic infrastructure | ||
| 700 | _aMoreno-Dodson, Blanca | ||
| 999 |
_c294951 _d294951 |
||